Председници САД - Statistics

General Stats
  • This quiz has been taken 667 times
    651 since last reset
  • The average score is 18 of 45
Answer Stats
Term President % Correct
2017-2021 Доналд Трамп
98%
2021- Џо Бајден
94%
2009-2017 Барак Обама
92%
1789-1797 Џорџ Вашингтон
86%
1861-1865 Абрахам Линколн
81%
1961-1963 Џон Ф. Кенеди
79%
1993-2001 Бил Клинтон
77%
1989-1993 Џорџ Х.В. Буш
76%
2001-2009 Џорџ В. Буш
76%
1901-1909 Теодор Рузвелт
71%
1933-1945 Френклин Д. Рузвелт
71%
1981-1989 Роналд Реган
58%
1969-1974 Ричард Никсон
54%
1945-1953 Хари С. Труман
52%
1913-1921 Вудро Вилсон
46%
1953-1961 Двајт Ајзенхауер
46%
1801-1809 Томас Џеферсон
45%
1865-1869 Ендру Џонсон
42%
1963-1969 Линдон Б. Џонсон
42%
1797-1801 Џон Адамс
38%
1825-1829 Џон Квинси Адамс
38%
1974-1977 Џералд Форд
38%
1977-1981 Џими Картер
37%
1929-1933 Херберт Хувер
25%
1881 Џејмс Гарфилд
24%
1817-1825 Џејмс Монро
21%
1829-1837 Ендру Џексон
21%
1885-1889, 1893-189 Гровер Кливленд
20%
1909-1913 Вилијам Х. Тафт
20%
1841 Вилијам Х. Харисон
19%
1849-1850 Закари Тејлор
19%
1869-1877 Јулисис С. Грант
19%
1889-1893 Бенџамин Харисон
19%
1897-1901 Вилијам Мекинли
19%
1809-1817 Џејмс Медисон
18%
1923-1929 Калвин Кулиџ
18%
1841-1845 Џон Тајлер
16%
1845-1849 Џејмс К. Полк
16%
1837-1841 Мартин ван Бјурен
15%
1853-1857 Френклин Пирс
15%
1881-1885 Честер А. Артур
15%
1850-1853 Милард Филмор
14%
1857-1861 Џејмс Бјукенан
14%
1921-1923 Ворен Г. Хардинг
13%
1877-1881 Радерфорд Б. Хејз
11%
No matching quizzes found
Score Distribution
Percent of People with Each Score
Percentile by Number Answered
Your Score History
You have not taken this quiz since the last reset